LEADER 02755nam 2200673Ia 450 001 9911020130303321 005 20200520144314.0 010 $a9786612114250 010 $a9780470478097 010 $a0470478098 010 $a9781119202929 010 $a1119202922 010 $a9781282114258 010 $a1282114255 010 $a9781613448762 010 $a1613448767 010 $a9780470478080 010 $a047047808X 035 $a(CKB)1000000000747682 035 $a(EBL)433802 035 $a(OCoLC)499058550 035 $a(SSID)ssj0000116130 035 $a(PQKBManifestationID)12034251 035 $a(PQKBTitleCode)TC0000116130 035 $a(PQKBWorkID)10027135 035 $a(PQKB)11418737 035 $a(MiAaPQ)EBC433802 035 $a(Perlego)1007463 035 $a(EXLCZ)991000000000747682 100 $a20081118d2009 uy 0 101 0 $aeng 135 $aur|n|---||||| 181 $ctxt 182 $cc 183 $acr 200 10$aBusiness continuity management $ebuilding an effective incident management plan /$fMichael Blyth 210 $aHoboken, NJ $cJ. Wiley & Sons$d2009 215 $a1 online resource (387 p.) 300 $aIncludes index. 311 08$a9780470430347 311 08$a0470430346 327 $aBusiness Continuity Management: BUILDING AN EFFECTIVE INCIDENT MANAGEMENT PLAN; Contents; Preface; About the Web Site; CHAPTER 1: Business Continuity Management Plan; CHAPTER 2: Incident Management Plan; CHAPTER 3: Crisis Management Structures; CHAPTER 4: Scope of Risk; CHAPTER 5: Incident Response Guidelines; CHAPTER 6: Crisis Information Capture Reports; Acknowledgments; Index 330 $aPraise for Business Continuity Management: Building an Effective Incident Management Plan ""In Business Continuity Management, Blyth has once again produced a comprehensive guide to the subject. Whether a multinational organization looking to counter the threat of global terrorism or a local business planning against loss of sensitive data, this book provides a well structured and useful guide to construction and implementation of Incident Management Plans. Blyth provides not only the theory and background to his subject but also invaluable template guidelines for man 606 $aCrisis management 606 $aEmergency management 606 $aBusiness planning 615 0$aCrisis management. 615 0$aEmergency management. 615 0$aBusiness planning. 676 $a658.4/77 676 $a658.477 700 $aBlyth$b Michael$f1972-$0946760 801 0$bMiAaPQ 801 1$bMiAaPQ 801 2$bMiAaPQ 906 $aBOOK 912 $a9911020130303321 996 $aBusiness continuity management$94417098 997 $aUNINA